[Event "Mittelfranken-chTB2a 1011"]
[Site "Germany"]
[Date "2011.03.13"]
[Round "7.8"]
[White "Nehls, Benedikt"]
[Black "Kraft, Hans"]
[Result "0-1"]
[WhiteElo "1834"]
[BlackElo "1901"]
[PlyCount "52"]
[EventDate "2010.09.26"]
[EventType "team-tourn"]
[EventRounds "9"]
[EventCountry "GER"]
[SourceTitle "EXT 2012"]
[Source "ChessBase"]
[SourceDate "2011.11.24"]
[SourceVersion "1"]
[SourceVersionDate "2011.11.24"]
[SourceQuality "1"]
[WhiteTeam "Erlangen 44/88 II"]
[BlackTeam "Zirndorf II"]
[WhiteTeamCountry "GER"]
[BlackTeamCountry "GER"]

1. c4 e5 2. Nc3 Nf6 3. g3 d5 4. cxd5 Nxd5 5. Bg2 Nb6 6. Nf3 Nc6 7. 0-0 Be7 8. d3 0-0 9. a3 a5 10. b3 Be6 11. Bb2 f6 12. Rc1 Qd7 13. Re1 Nd4 14. Nd2 c5 15. Nce4 a4 16. Nxc5 Bxc5 17. Rxc5 axb3 18. Bxd4 exd4 19. Nxb3 Na4 20. Ra5 Nc3 21. Qc2 Rac8 22. Rc5 b6 23. Rxc8 Rxc8 24. Qb2 Qb5 25. e3 dxe3 26. Rc1 Qxb3 0-1

[Event "Mittelfranken-chTB2a 1011"]
[Site "Germany"]
[Date "2010.11.21"]
[Round "3.8"]
[White "Borel, Bernd"]
[Black "Kraft, Hans"]
[Result "0-1"]
[WhiteElo "1796"]
[BlackElo "1901"]
[PlyCount "74"]
[EventDate "2010.09.26"]
[EventType "team-tourn"]
[EventRounds "9"]
[EventCountry "GER"]
[SourceTitle "EXT 2012"]
[Source "ChessBase"]
[SourceDate "2011.11.24"]
[SourceVersion "1"]
[SourceVersionDate "2011.11.24"]
[SourceQuality "1"]
[WhiteTeam "Grossenseebach"]
[BlackTeam "Zirndorf II"]
[WhiteTeamCountry "GER"]
[BlackTeamCountry "GER"]

1. e4 c5 2. c3 d5 3. exd5 Qxd5 4. d4 e5 5. dxe5 Qxd1+ 6. Kxd1 Nc6 7. f4 f6 8. Nf3 Bg4 9. exf6 0-0-0+ 10. Ke1 Nxf6 11. h3 Bxf3 12. gxf3 Bd6 13. Bc4 Rhe8+ 14. Kf2 Na5 15. Na3 Nxc4 16. Nxc4 Bc7 17. Be3 Nh5 18. Rae1 Nxf4 19. Bxf4 Bxf4 20. Rxe8 Rxe8 21. Rd1 Kc7 22. Rd5 Kc6 23. Rd1 g5 24. Nd2 Rd8 25. Ke2 Rxd2+ 26. Rxd2 Bxd2 27. Kxd2 Kd5 28. Ke3 Ke5 29. c4 b6 30. a3 a6 31. b4 Kf5 32. b5 a5 33. a4 Ke5 34. Kd2 Kf4 35. Ke2 Kg3 36. Ke3 Kxh3 37. f4 g4 0-1

[Event "Oberfranken-ch Seniors"]
[Site "Bischofsgruen"]
[Date "2009.06.12"]
[Round "8"]
[White "Kraft, Hans"]
[Black "Schurig, Wilhelm"]
[Result "1/2-1/2"]
[WhiteElo "2113"]
[BlackElo "2030"]
[PlyCount "44"]
[EventDate "2009.06.05"]
[EventType "swiss"]
[EventRounds "9"]
[EventCountry "GER"]
[SourceTitle "EXT 2012"]
[Source "ChessBase"]
[SourceDate "2011.11.24"]
[SourceVersion "1"]
[SourceVersionDate "2011.11.24"]
[SourceQuality "1"]

1. e4 g6 2. d4 Bg7 3. Nc3 d6 4. Nf3 a6 5. a4 b6 6. Bc4 e6 7. 0-0 Ne7 8. Re1 h6 9. h4 Nd7 10. Bf4 Bb7 11. Qd2 Nf6 12. Bf1 d5 13. exd5 Nexd5 14. Be5 Nxc3 15. Qxc3 Nd5 16. Qd2 0-0 17. c4 Ne7 18. Qf4 Bxe5 19. dxe5 Nf5 20. Rad1 Qe7 21. g3 Rad8 22. Bd3 Rd7 1/2-1/2

[Event "Oberfranken-ch Seniors"]
[Site "Bischofsgruen"]
[Date "2009.06.07"]
[Round "3"]
[White "Wawrinsky, Ludwig"]
[Black "Kraft, Hans"]
[Result "1-0"]
[WhiteElo "1897"]
[BlackElo "2113"]
[PlyCount "39"]
[EventDate "2009.06.05"]
[EventType "swiss"]
[EventRounds "9"]
[EventCountry "GER"]
[SourceTitle "EXT 2012"]
[Source "ChessBase"]
[SourceDate "2011.11.24"]
[SourceVersion "1"]
[SourceVersionDate "2011.11.24"]
[SourceQuality "1"]

1. e4 c5 2. d3 d5 3. Nc3 dxe4 4. Nxe4 e5 5. Be3 Nd7 6. Nf3 h6 7. g3 f5 8. Nc3 g5 9. Qe2 Ne7 10. Bxc5 e4 11. dxe4 Nxc5 12. exf5 Bxf5 13. Qe5 Rh7 14. Qxc5 Bd7 15. 0-0-0 Nc6 16. Re1+ Re7 17. Bd3 Kf7 18. Rxe7+ Bxe7 19. Qd5+ Kf8 20. Bg6 1-0

[Event "Mittelfranken-chTB1 0809"]
[Site "Mittelfranken"]
[Date "2008.10.26"]
[Round "2.3"]
[White "Kraft, Hans"]
[Black "Hofer, Markus"]
[Result "0-1"]
[WhiteElo "1984"]
[BlackElo "1991"]
[PlyCount "78"]
[EventDate "2008.10.12"]
[EventType "team"]
[EventRounds "9"]
[EventCountry "GER"]
[SourceTitle "EXT 2011"]
[Source "ChessBase"]
[SourceDate "2010.11.26"]
[SourceVersion "1"]
[SourceVersionDate "2010.11.26"]
[SourceQuality "1"]
[WhiteTeam "Zirndorf II"]
[BlackTeam "Buechenbach/Roth"]
[WhiteTeamCountry "GER"]
[BlackTeamCountry "GER"]

1. e4 Nf6 2. e5 Nd5 3. d4 d6 4. c4 Nb6 5. exd6 exd6 6. Nf3 Be7 7. Be3 0-0 8. h3 Bf6 9. Nc3 Nc6 10. Rc1 Bf5 11. g4 Bg6 12. h4 d5 13. c5 Nc4 14. Bxc4 dxc4 15. g5 Be7 16. h5 Bf5 17. Qa4 Bg4 18. Nh2 Bxh5 19. Qxc4 Bxg5 20. Nf1 Bg6 21. Ne2 Re8 22. Rg1 Bxe3 23. Nxe3 Qh4 24. Qc3 Rad8 25. Rg4 Qf6 26. Rf4 Qe6 27. b4 Ne7 28. Qb2 Nd5 29. Nxd5 Rxd5 30. Rc3 Rdd8 31. Re3 Qd5 32. Rff3 f6 33. Qb3 Qxb3 34. Rxe8+ Bxe8 35. Rxb3 Bb5 36. Nc3 Bc4 37. Ra3 a6 38. Nb1 Rxd4 39. Nd2 Bd5 0-1

[Event "Mittelfrankenliga-B1 0607"]
[Site "Mittelfranken"]
[Date "2006.11.12"]
[Round "2.6"]
[White "Ackermann, Robert"]
[Black "Kraft, Hans"]
[Result "1/2-1/2"]
[WhiteElo "1945"]
[BlackElo "1995"]
[PlyCount "75"]
[EventDate "2006.10.22"]
[EventType "team-tourn"]
[EventRounds "9"]
[EventCountry "GER"]
[SourceTitle "EXT 2011"]
[Source "ChessBase"]
[SourceDate "2010.11.26"]
[SourceVersion "1"]
[SourceVersionDate "2010.11.26"]
[SourceQuality "1"]
[WhiteTeam "Nuernberg NT III"]
[BlackTeam "Zirndorf II"]
[WhiteTeamCountry "GER"]
[BlackTeamCountry "GER"]

1. e3 g6 2. c4 Bg7 3. Nc3 Nf6 4. f4 d6 5. Nf3 0-0 6. Be2 c6 7. 0-0 a6 8. a4 a5 9. d3 Na6 10. Bd2 Qb6 11. h3 Nc5 12. Qc2 Nb3 13. Rae1 Nh5 14. Kh2 f5 15. Bd1 Nxd2 16. Nxd2 e5 17. Bxh5 gxh5 18. Nf3 Bd7 19. b3 Rae8 20. g3 exf4 21. exf4 Qd8 22. Nd1 Qb6 23. Kg2 Bf6 24. h4 h6 25. Nf2 c5 26. Qd1 Bc6 27. Kh3 Qb4 28. Rxe8 Rxe8 29. Nh2 Bg7 30. Qxh5 Re1 31. Qxf5 Rxf1 32. Qe6+ Kh8 33. Nxf1 Qxb3 34. Qc8+ Kh7 35. Qf5+ Kh8 36. Qc8+ Kh7 37. Qf5+ Kh8 38. Qc8+ 1/2-1/2

[Event "Bayern-ch Seniors 18th"]
[Site "Schloss Schney"]
[Date "2006.06.30"]
[Round "6"]
[White "Kraft, Hans"]
[Black "Reimann, Guenther"]
[Result "1-0"]
[WhiteElo "1981"]
[BlackElo "1870"]
[PlyCount "79"]
[EventDate "2006.06.25"]
[EventType "swiss"]
[EventRounds "9"]
[EventCountry "GER"]
[SourceTitle "EXT 2007"]
[Source "ChessBase"]
[SourceDate "2006.11.23"]
[SourceVersion "1"]
[SourceVersionDate "2006.11.23"]
[SourceQuality "1"]

1. e4 e6 2. d4 d5 3. e5 c5 4. c3 Nc6 5. Nf3 Bd7 6. a3 Rc8 7. dxc5 Bxc5 8. Bd3 Be7 9. h4 f5 10. Qe2 Na5 11. Nbd2 Nh6 12. b4 Nc6 13. c4 dxc4 14. Nxc4 Ng4 15. Bf4 0-0 16. Rd1 a6 17. Ne3 Qc7 18. Nc4 Rcd8 19. Rc1 b5 20. Nd6 Qb6 21. 0-0 Nd4 22. Nxd4 Qxd4 23. Bg3 h5 24. Bb1 g6 25. Rfd1 Qb6 26. Rc5 Bc6 27. Ba2 f4 28. Qc2 Be8 29. Bxe6+ Kh7 30. Bxg4 fxg3 31. Bf3 gxf2+ 32. Kxf2 Bxh4+ 33. Kg1 Be7 34. Qe4 Bd7 35. Kh1 Bf5 36. Qd5 Rd7 37. Rd4 Bxd6 38. Rc6 Qd8 39. Rxd6 Rxd6 40. Qxd6 1-0

[Event "Chiemgau Seniors Cup 1st"]
[Site "Bergen"]
[Date "2005.10.18"]
[Round "8"]
[White "Weigel, Herbert"]
[Black "Kraft, Hans"]
[Result "0-1"]
[WhiteElo "2131"]
[BlackElo "2129"]
[PlyCount "66"]
[EventDate "2005.10.11"]
[EventType "swiss"]
[EventRounds "9"]
[EventCountry "GER"]
[SourceTitle "EXT 2007"]
[Source "ChessBase"]
[SourceDate "2006.11.23"]
[SourceVersion "1"]
[SourceVersionDate "2006.11.23"]
[SourceQuality "1"]

1. e4 c5 2. Nf3 d6 3. d4 cxd4 4. Nxd4 Nf6 5. Nc3 a6 6. f4 e6 7. Be2 Be7 8. Bf3 0-0 9. Be3 Qc7 10. g4 Nc6 11. Qd2 Nxd4 12. Qxd4 e5 13. Qd2 exf4 14. Bxf4 Be6 15. 0-0-0 Rfd8 16. g5 Ne8 17. h4 Rac8 18. Kb1 b5 19. Rh2 b4 20. Nd5 Bxd5 21. Qxd5 Qb6 22. h5 Rc5 23. Qd2 Qa5 24. Rg2 Qa4 25. Qd4 Rdc8 26. b3 Qa5 27. Rdg1 Nc7 28. h6 Ne6 29. Qb2 Rc3 30. Bg4 Nxf4 31. Bxc8 Nxg2 32. Rxg2 Bxg5 33. Rg3 Bxh6 0-1

[Event "Chiemgau Seniors Cup 1st"]
[Site "Bergen"]
[Date "2005.10.17"]
[Round "7"]
[White "Kraft, Hans"]
[Black "Zehfuss, Helmut"]
[Result "1/2-1/2"]
[WhiteElo "2129"]
[BlackElo "1837"]
[PlyCount "53"]
[EventDate "2005.10.11"]
[EventType "swiss"]
[EventRounds "9"]
[EventCountry "GER"]
[SourceTitle "EXT 2007"]
[Source "ChessBase"]
[SourceDate "2006.11.23"]
[SourceVersion "1"]
[SourceVersionDate "2006.11.23"]
[SourceQuality "1"]

1. e4 c5 2. c3 Nf6 3. e5 Nd5 4. d4 e6 5. Bc4 Nb6 6. Bb3 d5 7. exd6 Qxd6 8. Nf3 Be7 9. 0-0 Nc6 10. Be3 cxd4 11. Nxd4 Nxd4 12. Bxd4 e5 13. Bxb6 Qxb6 14. Ba4+ Kf8 15. Bb3 Be6 16. Nd2 Rc8 17. Qe2 f6 18. Kh1 Bxb3 19. axb3 Kf7 20. f4 exf4 21. Rxf4 Rhe8 22. Re4 g6 23. Re1 Qd8 24. h3 Bf8 25. Nf3 Rxe4 26. Qxe4 Qd7 27. Qc2 1/2-1/2

[Event "Bayern-ch Seniors 17th"]
[Site "Schloss Schney"]
[Date "2005.06.16"]
[Round "7"]
[White "Kraft, Hans"]
[Black "Gudat, Alfons"]
[Result "1-0"]
[WhiteElo "2027"]
[BlackElo "1902"]
[PlyCount "79"]
[EventDate "2005.06.10"]
[EventType "swiss"]
[EventRounds "9"]
[EventCountry "GER"]
[SourceTitle "EXT 2006"]
[Source "ChessBase"]
[SourceDate "2005.11.24"]
[SourceVersion "1"]
[SourceVersionDate "2005.11.24"]
[SourceQuality "1"]

1. e4 c5 2. Nf3 Nc6 3. d4 cxd4 4. Nxd4 Nf6 5. Nc3 e5 6. Ndb5 d6 7. Bg5 a6 8. Na3 b5 9. Nd5 Qa5+ 10. Bd2 Qd8 11. Bg5 Qa5+ 12. Bd2 Qd8 13. Nxf6+ Qxf6 14. Be3 Be7 15. c3 0-0 16. h4 Qg6 17. f3 h5 18. Qd2 Be6 19. Nc2 Rfd8 20. Bd3 Qg3+ 21. Qf2 Qxf2+ 22. Bxf2 Rab8 23. Ne3 a5 24. Nd5 b4 25. 0-0 Bf8 26. a4 Bxd5 27. exd5 Ne7 28. c4 f5 29. b3 g6 30. Rad1 Nc8 31. g4 e4 32. fxe4 fxg4 33. e5 dxe5 34. Bxg6 Rd6 35. Bf7+ Kg7 36. Bc5 Rd8 37. Bxf8+ Rxf8 38. Bxh5 Rh8 39. Rf5 Rb6 40. Rdf1 1-0

[Event "Bad Woerishofen Seniors op 21st"]
[Site "Bad Woerishofen"]
[Date "2005.03.10"]
[Round "8"]
[White "Bierwisch, Bernhard"]
[Black "Kraft, Hans"]
[Result "1-0"]
[WhiteElo "2197"]
[BlackElo "2052"]
[PlyCount "65"]
[EventDate "2005.03.03"]
[EventType "swiss"]
[EventRounds "9"]
[EventCountry "GER"]
[SourceTitle "EXT 2006"]
[Source "ChessBase"]
[SourceDate "2005.11.24"]
[SourceVersion "1"]
[SourceVersionDate "2005.11.24"]
[SourceQuality "1"]

1. e4 c5 2. Nf3 Nc6 3. d4 cxd4 4. Nxd4 g6 5. Nc3 Bg7 6. Be3 Nf6 7. Nxc6 bxc6 8. e5 Ng8 9. Bd4 c5 10. Bxc5 Bxe5 11. Bd4 Bxd4 12. Qxd4 f6 13. Bc4 Nh6 14. 0-0-0 Qb6 15. Qf4 g5 16. Qf3 Rb8 17. Qh5+ Kd8 18. Qxh6 Qxb2+ 19. Kd2 Qb6 20. Qg7 Qxf2+ 21. Ne2 Re8 22. Qxh7 Rb6 23. Qh3 d5 24. Qd3 Rd6 25. Bb5 Rh8 26. Qd4 Qxg2 27. Qxa7 e5 28. Qa5+ Ke7 29. Rdg1 Qf2 30. Qc7+ Bd7 31. Rf1 Qh4 32. Bxd7 Rxd7 33. Qc5+ 1-0

[Event "Bad Woerishofen Seniors op 21st"]
[Site "Bad Woerishofen"]
[Date "2005.03.04"]
[Round "2"]
[White "Kraft, Hans"]
[Black "Wawrinsky, Ludwig"]
[Result "1-0"]
[WhiteElo "2052"]
[BlackElo "1703"]
[PlyCount "81"]
[EventDate "2005.03.03"]
[EventType "swiss"]
[EventRounds "9"]
[EventCountry "GER"]
[SourceTitle "EXT 2006"]
[Source "ChessBase"]
[SourceDate "2005.11.24"]
[SourceVersion "1"]
[SourceVersionDate "2005.11.24"]
[SourceQuality "1"]

1. e4 e6 2. d4 b6 3. Nc3 Bb4 4. Nf3 Bb7 5. Bd3 Ba6 6. Bxa6 Nxa6 7. Qe2 Bxc3+ 8. bxc3 Nb8 9. 0-0 Ne7 10. Bf4 0-0 11. a4 a5 12. c4 d6 13. Rfd1 Nd7 14. Ra3 Ng6 15. Bg5 f6 16. Bc1 e5 17. h4 exd4 18. h5 Nge5 19. Nxd4 Qe8 20. Rg3 Nc5 21. Nf5 g6 22. Bh6 Qxa4 23. hxg6 Nxg6 24. Bxf8 Rxf8 25. Qh5 Qe8 26. f3 Ne6 27. Qg4 Kh8 28. Kf2 Qc6 29. Rd5 Nef4 30. Ne7 Qxc4 31. Nxg6+ Nxg6 32. Rh5 Qd4+ 33. Ke2 Qc4+ 34. Ke1 Qc3+ 35. Kf1 Qa1+ 36. Ke2 Rg8 37. Rxh7+ Kxh7 38. Qh5+ Kg7 39. Qxg6+ Kf8 40. Qxg8+ Ke7 41. Rg7# 1-0

[Event "Regionalliga NO 0405"]
[Site "Bayern"]
[Date "2004.12.12"]
[Round "4.4"]
[White "Kraft, Hans"]
[Black "Strobel, Christian"]
[Result "0-1"]
[WhiteElo "2055"]
[BlackElo "2077"]
[PlyCount "47"]
[EventDate "2004.10.24"]
[EventType "team-tourn"]
[EventRounds "9"]
[EventCountry "GER"]
[SourceTitle "EXT 2007"]
[Source "ChessBase"]
[SourceDate "2006.11.23"]
[SourceVersion "1"]
[SourceVersionDate "2006.11.23"]
[SourceQuality "1"]
[WhiteTeam "Zirndorf II"]
[BlackTeam "Karethein"]
[WhiteTeamCountry "GER"]
[BlackTeamCountry "GER"]

1. e4 e6 2. d4 d5 3. e5 c5 4. c3 Qb6 5. Nf3 Bd7 6. a3 Bb5 7. c4 Bxc4 8. Bxc4 dxc4 9. d5 Ne7 10. d6 Nd5 11. Qa4+ Qc6 12. Qxc4 Nd7 13. 0-0 0-0-0 14. Re1 f6 15. exf6 gxf6 16. Rxe6 Bxd6 17. Nc3 Nxc3 18. Bf4 Nb5 19. a4 Nb6 20. Qa2 Rhg8 21. Bg3 Rxg3 22. hxg3 Nd4 23. Nxd4 cxd4 24. Rae1 0-1

[Event "Regionalliga NO 0405"]
[Site "Bayern"]
[Date "2004.10.24"]
[Round "1.5"]
[White "Poysti, Nathanael Nicolai"]
[Black "Kraft, Hans"]
[Result "0-1"]
[WhiteElo "1879"]
[BlackElo "2055"]
[PlyCount "48"]
[EventDate "2004.10.24"]
[EventType "team-tourn"]
[EventRounds "9"]
[EventCountry "GER"]
[SourceTitle "EXT 2007"]
[Source "ChessBase"]
[SourceDate "2006.11.23"]
[SourceVersion "1"]
[SourceVersionDate "2006.11.23"]
[SourceQuality "1"]
[WhiteTeam "Sinzing"]
[BlackTeam "Zirndorf II"]
[WhiteTeamCountry "GER"]
[BlackTeamCountry "GER"]

1. e4 c5 2. Nf3 Nc6 3. Bb5 g6 4. 0-0 Bg7 5. Re1 e5 6. d3 Nge7 7. Be3 d6 8. c3 Qb6 9. Na3 0-0 10. b4 Nd8 11. Rb1 Qc7 12. d4 a6 13. dxc5 dxc5 14. Bc4 cxb4 15. cxb4 b5 16. Bb3 Ne6 17. Rc1 Qb8 18. Bc5 Rd8 19. Bd5 Nxd5 20. exd5 Bb7 21. d6 e4 22. Nd2 Bb2 23. Rb1 Bxa3 24. Qb3 Nxc5 0-1

[Event "Bayern-ch Seniors 16th"]
[Site "Schloss Schney"]
[Date "2004.06.09"]
[Round "4"]
[White "Wimmer, Herbert"]
[Black "Kraft, Hans"]
[Result "1/2-1/2"]
[WhiteElo "2169"]
[BlackElo "2046"]
[PlyCount "27"]
[EventDate "2004.06.06"]
[EventType "swiss"]
[EventRounds "9"]
[EventCountry "GER"]
[SourceTitle "EXT 2006"]
[Source "ChessBase"]
[SourceDate "2005.11.24"]
[SourceVersion "1"]
[SourceVersionDate "2005.11.24"]
[SourceQuality "1"]

1. c4 c5 2. Nc3 Nc6 3. g3 g6 4. Bg2 Bg7 5. Nf3 d6 6. 0-0 e6 7. e3 e5 8. d4 Bg4 9. dxc5 dxc5 10. Qa4 Nge7 11. h3 Bd7 12. Qd1 0-0 13. Qe2 h6 14. Rd1 1/2-1/2

[Event "Oberliga Bayern 0304"]
[Site "Bayern"]
[Date "2004.03.07"]
[Round "7.7"]
[White "Ewald, Alexander"]
[Black "Kraft, Hans"]
[Result "1-0"]
[WhiteElo "2155"]
[BlackElo "2102"]
[PlyCount "53"]
[EventDate "2003.10.12"]
[EventType "team-tourn"]
[EventRounds "9"]
[EventCountry "GER"]
[SourceTitle "EXT 2006"]
[Source "ChessBase"]
[SourceDate "2005.11.24"]
[SourceVersion "1"]
[SourceVersionDate "2005.11.24"]
[SourceQuality "1"]
[WhiteTeam "Regensburg Fortuna"]
[BlackTeam "Zirndorf"]
[WhiteTeamCountry "GER"]
[BlackTeamCountry "GER"]

1. d4 Nf6 2. c4 g6 3. Nc3 Bg7 4. e4 d6 5. f3 0-0 6. Be3 c5 7. Nge2 Nc6 8. d5 Ne5 9. Nc1 a6 10. Be2 h5 11. 0-0 e6 12. Bg5 exd5 13. Nxd5 Be6 14. f4 Neg4 15. Bxg4 Bxd5 16. cxd5 Qb6 17. Bf3 c4+ 18. Kh1 Qxb2 19. Ne2 b5 20. e5 dxe5 21. Rb1 Qa3 22. fxe5 Nh7 23. Bf4 g5 24. Bd2 Rfe8 25. Bxh5 Rxe5 26. Bc3 Rxe2 27. Bxf7+ 1-0

[Event "Oberliga Bayern 0304"]
[Site "Bayern"]
[Date "2004.02.15"]
[Round "6.7"]
[White "Kraft, Hans"]
[Black "Buchner, Rudolf"]
[Result "0-1"]
[WhiteElo "2102"]
[BlackElo "2107"]
[PlyCount "58"]
[EventDate "2003.10.12"]
[EventType "team-tourn"]
[EventRounds "9"]
[EventCountry "GER"]
[SourceTitle "EXT 2006"]
[Source "ChessBase"]
[SourceDate "2005.11.24"]
[SourceVersion "1"]
[SourceVersionDate "2005.11.24"]
[SourceQuality "1"]
[WhiteTeam "Zirndorf"]
[BlackTeam "Muenchen Tarrasch"]
[WhiteTeamCountry "GER"]
[BlackTeamCountry "GER"]

1. e4 e5 2. Nf3 Nc6 3. Bb5 a6 4. Ba4 Nf6 5. 0-0 Be7 6. Re1 b5 7. Bb3 d6 8. c3 0-0 9. h3 Nb8 10. d3 Nbd7 11. Nbd2 c5 12. Nf1 Qc7 13. a4 Bb7 14. Ng3 Rfe8 15. d4 Bf8 16. dxe5 dxe5 17. c4 b4 18. Bc2 Rad8 19. Qe2 g6 20. a5 Bg7 21. Ba4 Re7 22. Bc2 Nf8 23. Nh2 Ne6 24. Be3 Red7 25. Ng4 Nxg4 26. Qxg4 Nd4 27. Ba4 Rd6 28. Bd1 Qe7 29. h4 Bc8 0-1

[Event "Oberliga Bayern 0304"]
[Site "Bayern"]
[Date "2003.11.02"]
[Round "2.7"]
[White "Stocker, Andreas"]
[Black "Kraft, Hans"]
[Result "1/2-1/2"]
[WhiteElo "2126"]
[BlackElo "2102"]
[PlyCount "92"]
[EventDate "2003.10.12"]
[EventType "team-tourn"]
[EventRounds "9"]
[EventCountry "GER"]
[SourceTitle "EXT 2006"]
[Source "ChessBase"]
[SourceDate "2005.11.24"]
[SourceVersion "1"]
[SourceVersionDate "2005.11.24"]
[SourceQuality "1"]
[WhiteTeam "Muenchen Schwabing"]
[BlackTeam "Zirndorf"]
[WhiteTeamCountry "GER"]
[BlackTeamCountry "GER"]

1. e4 c5 2. Nf3 Nc6 3. d4 cxd4 4. Nxd4 g6 5. c4 Bg7 6. Nc2 Nf6 7. Nc3 d6 8. Be2 Be6 9. 0-0 Rc8 10. Na3 0-0 11. Be3 Na5 12. b3 Ng4 13. Bd4 Bxd4 14. Qxd4 Nc6 15. Qd2 Qa5 16. Nc2 f5 17. exf5 Qxf5 18. Nd4 Qe5 19. Bxg4 Bxg4 20. Nxc6 bxc6 21. Rfe1 Qg7 22. Ne4 Bf5 23. Rad1 Bxe4 24. Rxe4 Rcd8 25. Qe3 e5 26. Re1 c5 27. Rd1 Qe7 28. Qh6 Rf5 29. Rg4 Qf6 30. Qd2 Rf4 31. Rxf4 Qxf4 32. Qxf4 exf4 33. h4 Kf7 34. Kf1 Ke6 35. Ke2 h6 36. Kf3 Rf8 37. Re1+ Kf5 38. Re7 a5 39. Rh7 a4 40. Rxh6 axb3 41. axb3 Rb8 42. h5 Rxb3+ 43. Ke2 Rb2+ 44. Kf3 Rb3+ 45. Ke2 Rb2+ 46. Ke1 Rb1+ 1/2-1/2

[Event "Oberliga Bayern 0304"]
[Site "Bayern"]
[Date "2003.10.12"]
[Round "1.7"]
[White "Kraft, Hans"]
[Black "Haag, Wolfgang"]
[Result "1/2-1/2"]
[WhiteElo "2102"]
[BlackElo "2195"]
[PlyCount "70"]
[EventDate "2003.10.12"]
[EventType "team-tourn"]
[EventRounds "9"]
[EventCountry "GER"]
[SourceTitle "EXT 2006"]
[Source "ChessBase"]
[SourceDate "2005.11.24"]
[SourceVersion "1"]
[SourceVersionDate "2005.11.24"]
[SourceQuality "1"]
[WhiteTeam "Zirndorf"]
[BlackTeam "Bamberg"]
[WhiteTeamCountry "GER"]
[BlackTeamCountry "GER"]

1. e4 c5 2. c3 Nf6 3. e5 Nd5 4. Nf3 e6 5. d4 cxd4 6. Bc4 Nb6 7. Bb3 d6 8. cxd4 dxe5 9. Nxe5 Nc6 10. 0-0 Qxd4 11. Nxc6 Qxd1 12. Rxd1 bxc6 13. Be3 Be7 14. Nc3 0-0 15. Ne4 Nd5 16. Bc5 Bxc5 17. Nxc5 Rb8 18. Rd2 Rd8 19. Ba4 Rb6 20. Rc1 Kf8 21. f4 Ke7 22. Rcd1 Ba6 23. Kf2 Rdb8 24. g3 Bc8 25. Bb3 Rb4 26. Re1 R8b5 27. Rc2 Rd4 28. Bxd5 cxd5 29. b3 Kd6 30. Rec1 Rb8 31. a3 f6 32. b4 e5 33. Nb3 Rd3 34. Rc6+ Kd7 35. Na5 Rxa3 1/2-1/2